Nom acteur stranger things #1 - Statistiques

Statistiques générales
  • Ce quiz a été pris 100 fois
  • Le résultat moyen est 13 sur 15
Statistiques - réponses
Hint Réponse % Correct
Onze Millie Bobby brown
98%
Will Noah schnapp
96%
Mike Finn Wolfhard
91%
Max Sadie sink
91%
Steve Joe Keery
89%
Dustin Geten matarazzo
88%
Nancy Natalia dyer
88%
Lucas Caleb McLaughlin
87%
Hopper David harbour
87%
Robin Maya Hawke
86%
Joyce Winona Ryder
85%
Vecna / 1 / henry / m.quiproquo Jamie Campbell Bower
84%
Jonathan Charlie Heaton
78%
Billy Dacre Montgomery
76%
Murray Brett gelman
71%
Aucun quiz correspondant
Distribution des résultats
% des personnes avec chaque résultat
Percentile par nombre de réponses
Votre historique - résultats
Vous n’avez pas pris ce quiz